000 01059nam a22002537a 4500
005 20170124103151.0
010 _a239137
020 _c0000
035 _a239137
037 _bCen Lib/Ret
040 _aDPL
_bHN
082 _a822
_bएकांकी
245 _aएकांकी स्तबक /
_cसंपादक शरण बिहारी गोस्वामी
246 _aEkanki satbak
_bsampadak Sharan Bihari Goswami
260 _aदिल्ली
_bओरियंटल बुक डिपो
270 _a1704, नई सड़क
_bदिल्ली
_e110006
300 _aक -घ,179पृष्ठ.
_c17सेमी(सजिल्द)
650 _aहिंदी साहित्य
_988002
650 _aहिंदी एकांकी साहित्य
_988003
650 _aHindi literature
_988004
650 _aHindi literature comedietta
_988005
700 _aगोस्वामी, शरण बिहारी
_988006
942 _2ddc
_cHN
_h822
_mएकांकी
999 _c119991
_d119991